书目信息 |
| 题名: |
Active Server Pages & Web数据库
|
|
| 作者: | 王国荣 著 | |
| 分册: | ||
| 出版信息: | 北京 人民邮电出版社 1999.03 |
|
| 页数: | 508页 | |
| 开本: | 16开 | |
| 丛书名: | ||
| 单 册: | ||
| 中图分类: | TP311.13 | |
| 科图分类: | ||
| 主题词: | 软件 | |
| 电子资源: | ||
| ISBN: | 7-115-07715-0 | |
| 000 | 00568nam0 2200193 45 | |
| 001 | 0003230883 | |
| 005 | 20000323085526.8 | |
| 010 | @a7-115-07715-0@d59.00元 | |
| 100 | @a20000323d1999 km y0chiy0120 ea | |
| 101 | @achi | |
| 105 | @a z 000yy | |
| 200 | 1 | @aActive Server Pages & Web数据库@AActive Server Pages & Web Shu Ju Ku@f王国荣 著@FWang Guo Rong Zhu |
| 210 | @a北京@c人民邮电出版社@d1999.03 | |
| 215 | @a508页@d16开 | |
| 606 | 0 | @a软件 |
| 690 | @aTP311.13@v3 | |
| 701 | @a王国荣@4著 | |
| 801 | @aCN@bPftUser@c20000323 | |
| 905 | @f2@b51414-415@dTP311.13@eW731 | |
| Active Server Pages & Web数据库/王国荣 著.-北京:人民邮电出版社,1999.03 |
| 508页;16开 |
| ISBN 7-115-07715-0:59.00元 |
| ● |
| 相关链接 |
|
|
|
正题名:Active Server Pages&Web数据库
索取号:TP311.13/W731
 
预约/预借
| 序号 | 登录号 | 条形码 | 馆藏地/架位号 | 状态 | 备注 |
| 1 | 51414 | 200514149 | 自科库301/ [索取号:TP311.13/W731] | 在馆 | |
| 2 | 51415 | 200514158 | 自科库301/301自科库 40排4列3层/ [索取号:TP311.13/W731] | 在馆 |